Loading...
| Mythology | 0 | 9 | 2 | 0 | 80 | 28 | 53.89 | 5 | 9 |
| Fine Arts - Painting and Sculpture | 0 | 7 | 2 | 0 | 60 | 35 | 73.71 | 2 | 7 |
| Fine Arts - Classical Music | 0 | 6 | 1 | 2 | 55 | 71 | 102.33 | 1 | 4 |
| Literature - World Literature | 0 | 3 | 0 | 0 | 30 | 64 | 76.67 | 0 | 3 |
| Religion | 0 | 3 | 1 | 1 | 25 | 46 | 78.33 | 2 | 2 |
| Literature - British Literature | 0 | 2 | 0 | 0 | 20 | 89 | 96.00 | 0 | 1 |
| Science - Biology | 0 | 2 | 0 | 0 | 20 | 30 | 31.00 | 1 | 2 |
| Fine Arts - Other Fine Arts | 0 | 1 | 0 | 1 | 10 | 93 | 93.00 | 0 | 1 |
| Literature - European Literature | 0 | 1 | 0 | 0 | 10 | 78 | 78.00 | 0 | 1 |
| Science - Physics | 0 | 1 | 0 | 0 | 10 | 106 | 106.00 | 0 | 1 |
| History - Other History | 0 | 1 | 0 | 0 | 10 | 61 | 61.00 | 0 | 1 |
| Science - Chemistry | 0 | 0 | 0 | 0 | 0 | 0.00 | 0 | 0 |